Les 15 états américains les moins peuplés - Statistiques

Statistiques générales
  • Ce quiz a été pris 38 fois
  • Le résultat moyen est 11 sur 15
Statistiques - réponses
Population État % Correct
733K Alaska
86%
796K Dakota du Nord
86%
924K Dakota du Sud
86%
1,44M Hawaï
83%
1,40M Maine
83%
1,11M Rhode Island
83%
2M Idaho
80%
1,13M Montana
77%
648K Vermont
74%
1,41M New Hampshire
69%
587K Wyoming
66%
1,05M Delaware
60%
2M Nebraska
54%
1,76M Virginie-Occidentale
54%
2,13M Nouveau-Mexique
46%
Aucun quiz correspondant
Distribution des résultats
% des personnes avec chaque résultat
Percentile par nombre de réponses
Votre historique - résultats
Vous n’avez pas pris ce quiz